Guía práctica de casos referentes a la edificación y el urbanismo (Registro nro. 161163)
[ vista simple ]
| 000 -LEADER | |
|---|---|
| fixed length control field | 01273nam a2200313 i 4500 |
| 008 - FIXED-LENGTH DATA ELEMENTS--GENERAL INFORMATION | |
| fixed length control field | 061017s2006 sp v 00 0 spa d |
| 017 ## - | |
| -- | D.L.SE 4364-2006 |
| 020 ## - INTERNATIONAL STANDARD BOOK NUMBER | |
| International Standard Book Number | 8497729161 |
| 035 ## - | |
| -- | 5963 |
| 040 ## - CATALOGING SOURCE | |
| Original cataloging agency | Mpons |
| Modifying agency | BUS |
| -- | vLex |
| 041 0# - | |
| -- | spa |
| 043 ## - | |
| -- | esp |
| 080 ## - | |
| -- | 349.442(460)(094.8) |
| 080 ## - | |
| -- | 351:69(460)(094.8) |
| 080 ## - | |
| -- | 351.785(460)(094.8) |
| 090 ## - | |
| -- | 2743 |
| -- | 2743 |
| 100 1# - MAIN ENTRY--PERSONAL NAME | |
| Personal name | Humero Martín, Antonio E. |
| 245 10 - TITLE STATEMENT | |
| Title | Guía práctica de casos referentes a la edificación y el urbanismo |
| Medium | [Recurso electrónico] / |
| Statement of responsibility, etc | Antonio E. Humero Martín. |
| 256 ## - | |
| -- | Servicio en línea. |
| 260 ## - PUBLICATION, DISTRIBUTION, ETC. (IMPRINT) | |
| Place of publication, distribution, etc | Madrid : |
| Name of publisher, distributor, etc | Dykinson, |
| Date of publication, distribution, etc | 2006. |
| 300 ## - PHYSICAL DESCRIPTION | |
| Extent | 1 recurso electrónico |
| 506 1# - RESTRICTIONS ON ACCESS NOTE | |
| Terms governing access | Contenido solo disponible en los productos indicados |
| Authorized users | vLex Global |
| -- | vLex Global (Academic Edition, excluding Law Schools) |
| -- | vLex Global (U.S. Academic Edition, Law Schools) |
| -- | vLex Global (U.S. Academic Edition, excluding Law Schools) |
| -- | vLex Global (Academic Edition, Law Schools) |
| 650 04 - SUBJECT ADDED ENTRY--TOPICAL TERM | |
| Topical term or geographic name as entry element | Construcción |
| General subdivision | Derecho |
| Geographic subdivision | España. |
| 650 04 - SUBJECT ADDED ENTRY--TOPICAL TERM | |
| Topical term or geographic name as entry element | Urbanismo |
| General subdivision | Derecho |
| Geographic subdivision | España. |
| 740 0# - | |
| -- | vLex Libros (Servicio en línea) |
| 856 40 - LOCALIZACIÓN Y ACCESO ELECTRÓNICO | |
| Identificador Uniforme del Recurso (URI/URL) | https://app.vlex.com/#/sources/guia-practica-edificacion-urbanismo-5963 |
| 942 ## - | |
| -- | RAA |
| 999 ## - | |
| -- | 161163 |
| -- | 161163 |
No hay ítems disponibles.